Score 0/24 Timer 01:00
5 Plays Today
Year % Correct
1962Dr. No
83.2%
1964Goldfinger
79.3%
2006Casino Royale
69.6%
1995Goldeneye
65.2%
2012Skyfall
63.9%
1963From Russia with Love
62.4%
2015Spectre
60.7%
1983Octopussy
59.4%
1979Moonraker
53.5%
1965Thunderball
53.5%
2008Quantum of Solace
51.8%
2002Die Another Day
47.8%
Year % Correct
1973Live and Let Die
46.8%
1997Tomorrow Never Dies
43.9%
1974The Man With The Golden Gun
43.3%
1971Diamonds are Forever
40.6%
1967You Only Live Twice
40.6%
1977The Spy Who Loved Me
36%
1999The World Is Not Enough
35.9%
1969On Her Majesty's Secret Service
35.5%
1985A View To A Kill
31.5%
1989Licence to Kill
31.4%
1987The Living Daylights
30.2%
1981For Your Eyes Only
24.8%
Remove Ads.
Support Sporcle.
Get the best of Sporcle when you Go Orange. This ad-free experience offers more features, more stats, and more fun while also helping to support Sporcle. Thank you for becoming a member.

You're not logged in!

Compare scores with friends on all Sporcle quizzes.
OR
Log In

Sporcle TV

Today on Sporcle TV


Watch our educational content, quiz creation guides, and fun videos on Sporcle TV.

Show Comments

Extras

Top Quizzes Today


Score Distribution

Paid Content

Your Account Isn't Verified!

In order to create a playlist on Sporcle, you need to verify the email address you used during registration. Go to your Sporcle Settings to finish the process.

Report this User

Report this user for behavior that violates our Community Guidelines.

Details: